| 000 | 00638nam a22001337a 4500 | ||
|---|---|---|---|
| 040 | _cRUA | ||
| 082 | _aFIS SON 2021 B473 Or. | ||
| 100 | _aSON THEARAVY,សុន ធារ៉ាវី | ||
| 245 | _aTHE EFFECT OF PELLET FEED ON THE GROWTH OF SPOT PANGASIUS,ការសិក្សាកម្រិតប្រូតេអ៊ីនសមស្របទៅលើការលូតលាស់របស់ត្រីពោក្នុងហាប៉ា | ||
| 260 |
_aphnom penh _brua _c2021 |
||
| 300 |
_axi.33p. _bill. _c29cm. |
||
| 856 | _uhttps://drive.google.com/file/d/1bEHQIL3X_FT2_dvab-ZGr-vN-8Vij0Qj/view?usp=sharing | ||
| 942 | _cFIS | ||
| 999 |
_c22607 _d22607 |
||